000
00306 a2200133 4500
999
_c
11229
_d
11229
003
OSt
005
20260407134733.0
008
260407b ||||| |||| 00| 0 eng d
020
_a
9788997079742
082
_a
712.5
245
_a
Street Furniture 1(Public Landscape 1)
260
_b
DMP
_c
2014
942
_2
ddc